| 000 | 00645nam a2200181Ia 4500 | ||
|---|---|---|---|
| 008 | 100920s9999 xx 000 0 und d | ||
| 082 |
_b104557 _a891.43 13 |
||
| 100 | _aसिंह सुधा. | ||
| 245 | _aभारत के महान दलित नेता. | ||
| 260 |
_bअविष्कार प्रकाशन,दिल्ली. _c5013 |
||
| 300 |
_a120 _bसाधी |
||
| 365 | _b150 | ||
| 520 | _aहिंदी. | ||
| 630 | _aभारत के महान दलित नेता. | ||
| 650 | _aहिंदी. | ||
| 730 | _aभारत के महान दलित नेता. | ||
| 942 | _cBOOK | ||
| 999 |
_c744989 _d744986 |
||